COLOR ATLAS & SYNOPSIS OF CLINICAL OPHTHALMOLOGY (Record no. 14714)

MARC details
000 -LEADER
fixed length control field 00325nam a22001457a 4500
003 - CONTROL NUMBER IDENTIFIER
control field SGT
082 ## - DEWEY DECIMAL CLASSIFICATION NUMBER
Classification number 617.7
Item number C12R
100 ## - MAIN ENTRY--PERSONAL NAME
Personal name RHEE, DOUGLAS
245 ## - TITLE STATEMENT
Title COLOR ATLAS & SYNOPSIS OF CLINICAL OPHTHALMOLOGY
250 ## - EDITION STATEMENT
Edition statement 2ND
260 ## - PUBLICATION, DISTRIBUTION, ETC. (IMPRINT)
Place of publication, distribution, etc INDIA
Name of publisher, distributor, etc LWW
Year of Publication 2012
300 ## - PAGE DESCRIPTION
No. of Pages 445
650 ## - SUBJECT ADDED ENTRY--TOPICAL TERM
Topical term or geographic name as entry element OPHTHALMOLOGY
942 ## - ADDED ENTRY ELEMENTS (KOHA)
Source of classification or shelving scheme Dewey Decimal Classification
Koha item type Books
Holdings
Withdrawn status Lost status Source of classification or shelving scheme Damaged status Not for loan Collection code Home library Current library Shelving location Date acquired Vendor Name Cost, normal purchase price SGTU Bill Number Total Checkouts Full call number Accession No. (Barcode) Date last seen Bill Date Koha item type
    Dewey Decimal Classification     MEDICAL SGT Medical Library SGT Medical Library Text Book 24/01/2018 ABC 1150.00 SGTU 8703   617.7 C12R FM9579 24/01/2018 02/09/2017 Books